000 00388nam a2200169Ia 4500
008 230605s2000 xx 000 0 und d
041 _aeng
100 _aHerings
245 _aDictionary of Classical & Modern Cookery
250 _a13th
260 _bSterling book House
_c2000
300 _a852p
365 _h20
520 _aGeneral
520 _aHard Board
650 _aCommu.
999 _c420640
_d420640